1956 1308 1566 1670 1051 1291 1441 1516 1611 1633 1320 1414 1216 1692 1284 1036 1902 1501 1029 1993 1758 1021 1960 1124 1947 1778 1034 1456 1538 1252 1612 1061 1632 1982 1734 1743 1257 1690 1302 1787 1571 1515 1756 1857 1118 1115 1397 1244 1740 1691 1199 1965 1199 1673 1469 1750 1023 1646 1235 1072 1612 1084 1364 1037 1554 1577 1162 1209 1197 1863 1342 1706 1877 1143 1856 1466 1403 1475 1879 1871 1241 1185 1990 1766 1277 1853 1240 1985 1912 1229 1343 1233 1245 1513 1221 1556 1832 1866 1136 BCNSPRNW ULIB Ver.6.0+V

เปลี่ยนเป็นภาษาไทย

Change to English
 แสดงรายละเอียดบรรณานุกรม
  กลับหน้าหลัก

Brief Record : Get Marc (ISO 2709) : E-mail record : QR code < ปิดหน้าต่าง
LEADER : 00000nam 2200000uu 4500
001    13399111693
003     ULIB
008    110706s2554||||th 000 0 tha d
020    9786165001380
090    นว.^bล258ด 2554
100 0   ลัลล์ลลิล
245 00  ดวงใจแห่งโรม/^cลัลล์ลลิล
260    กรุงเทพฯ :^bพิมพ์คำ,^c2554
300    552 หน้า
945    ^p300^l0^i18286
995     เกษร
999     ^aใช้งานได้ทุกระบบ
รายการนี้ยังไม่มีแท็ก
คุณยังไม่ได้ล็อกอิน คุณสามารถมีกิจกรรมร่วมกับเว็บไซต์ได้ แต่ต้องล็อกอินก่อน ::
  ล็อกอิน

รายการสื่อสารสนเทศ

ลำดับที่ ประเภท เลขเรียก/บาร์โค้ด สถานที่ สถานะ
1. วิทยาศาสตร์การแพทย์ และสุขภาพ
วิทยาศาสตร์การแพทย์ และสุขภาพ
นว. ล258ด 2554  
  Barcode: 18286
ห้องสมุดวิทยาเขตสวรรค์ประชารักษ์
►นวนิยาย
บนชั้น
  ขอยืม

รายการใกล้เคียง
    ผู้แต่ง [ลัลล์ลลิล]

BibComment


ยังไม่เคยถูกคอมเมนท์

คอมเมนท์ทรัพยากรรายการนี้
  คอมเมนท์: ดวงใจแห่งโรม ลัล..


 Copyright 2026. Bcnsprnw @Library